Экономика, организация производства и управления в социалистических хозяйственных системах (Запись № 6964259)

Подробности
000 -МАРКЕР
контрольное поле 01393nam1a22002531i 4500
001 - ИДЕНТИФИКАТОР ЗАПИСИ
контрольное поле rc\1189728
005 - ИДЕНТИФИКАТОР ВЕРСИИ
контрольное поле 20240724000941.0
035 ## - ДРУГИЕ СИСТЕМНЫЕ НОМЕРА
Идентификатор записи (NLR Aleph) 005974442
100 ## - ДАННЫЕ ОБЩЕЙ ОБРАБОТКИ
Данные общей обработки 20060320g19809999u |0rusy50 ca
101 0# - ЯЗЫК РЕСУРСА
Язык текста, звукозаписи и т.д. русский
102 ## - СТРАНА ПУБЛИКАЦИИ ИЛИ ПРОИЗВОДСТВА
Страна публикации Российская Федерация
105 ## - ПОЛЕ КОДИРОВАННЫХ ДАННЫХ: ТЕКСТОВЫЕ МАТЕРИАЛЫ, МОНОГРАФИЧЕСКИЕ
Кодированные данные о монографическом текстовом документе y |||||||||
200 1# - ЗАГЛАВИЕ И СВЕДЕНИЯ ОБ ОТВЕТСТВЕННОСТИ
Основное заглавие Экономика, организация производства и управления в социалистических хозяйственных системах
Первые сведения об ответственности Е.Р. Бердичевская, Т.П. Рудкова, Л.А. Трофимова, М.А. Тырышкин
Последующие сведения об ответственности Ред. М.А. Тырышкин
210 ## - ПУБЛИКАЦИЯ, РАСПРОСТРАНЕНИЕ И ДР.
Место издания, распространения и т.д. Томск
Имя издателя, распространителя и т. д. Изд-во Том. ун-та
Дата издания, распространения и т.д. 1980-
215 ## - ФИЗИЧЕСКАЯ ХАРАКТЕРИСТИКА
Размеры 20
300 ## - ОБЩИЕ ПРИМЕЧАНИЯ
Текст примечания Загл. обл.: Экономика, организация, планирование и управление социалистическим производством
300 ## - ОБЩИЕ ПРИМЕЧАНИЯ
Текст примечания На обл. авт.: Л.А. Трофимова, Е.Р. Бердичевская, И.И. Стеценко, М.А. Тырышкин
512 0# - ЗАГЛАВИЕ ОБЛОЖКИ
Заглавие обложки Экономика, организация, планирование и управление социалистическим производством
701 #1 - ИМЯ ЛИЦА - АЛЬТЕРНАТИВНАЯ ОТВЕТСТВЕННОСТЬ
Начальный элемент ввода Бердичевская
Часть имени, кроме начального элемента ввода Е.Р.
Расширение инициалов личного имени Евгения Рафаиловна
801 #0 - ИСТОЧНИК ЗАПИСИ
Страна Российская Федерация
Организация NLR
Правила каталогизации psbo
801 #1 - ИСТОЧНИК ЗАПИСИ
Страна Российская Федерация
Организация ELAR
Источник данных rusmarc
852 ## - МЕСТОНАХОЖДЕНИЕ И ШИФР ХРАНЕНИЯ
Идентификатор организации NLR
Шифр хранения (Call Number) 81-3/5259
942 ## - ДОПОЛНИТЕЛЬНЫЕ ЭЛЕМЕНТЫ ЗАПИСИ (АБИС)
Тип экземпляра АБИС Книга

Нет доступных экземпляров.